[Event "Pan American-ch U14 Girls 27th"]
[Site "Montevideo"]
[Date "2016.07.28"]
[Round "5"]
[White "Lemus Pena, Macarena"]
[Black "Ravishankar, Ramitha S"]
[Result "1-0"]
[WhiteElo "1570"]
[BlackElo "1558"]
[PlyCount "107"]
[EventDate "2016.07.25"]
[EventType "swiss"]
[EventRounds "9"]
[EventCountry "URU"]
[SourceTitle "EXT 2017"]
[Source "ChessBase"]
[SourceDate "2016.10.25"]
[SourceVersion "1"]
[SourceVersionDate "2016.10.25"]
[SourceQuality "1"]

1. Nf3 d5 2. d4 Nf6 3. e3 e6 4. Bd3 Be7 5. Nbd2 Nbd7 6. 0-0 0-0 7. b3 c6 8. Bb2 a6 9. Ne5 Re8 10. f4 Nxe5 11. fxe5 Ne4 12. Nxe4 dxe4 13. Bxe4 g6 14. Qf3 Rf8 15. a4 Bd7 16. Ba3 Bxa3 17. Rxa3 a5 18. Qf6 Qxf6 19. exf6 Rfe8 20. h3 e5 21. d5 cxd5 22. Bxd5 Bc6 23. Bxc6 bxc6 24. Raa1 Rad8 25. Rad1 h6 26. h4 Kh7 27. g4 Kg8 28. Kf2 g5 29. hxg5 hxg5 30. Rxd8 Rxd8 31. Ke2 Kh7 32. Rf5 Kg6 33. Rxe5 Kxf6 34. Rxa5 Kg6 35. Rc5 Rc8 36. a5 f6 37. b4 Kf7 38. Kd3 Ke6 39. Ke4 Kd7 40. c4 Rb8 41. b5 cxb5 42. cxb5 Kd8 43. Kf5 Ke7 44. Rc7+ Kd6 45. b6 Ra8 46. Ra7 Rb8 47. b7 Kc7 48. a6 Kb6 49. Ra8 Kc7 50. Rxb8 Kxb8 51. Kxf6 Kc7 52. e4 Kb8 53. e5 Kc7 54. e6 1-0

[Event "Pan American-ch U14 Girls 27th"]
[Site "Montevideo"]
[Date "2016.07.27"]
[Round "4"]
[White "Ravishankar, Ramitha S"]
[Black "Malan, Lucia"]
[Result "1-0"]
[WhiteElo "1558"]
[BlackElo "1381"]
[PlyCount "55"]
[EventDate "2016.07.25"]
[EventType "swiss"]
[EventRounds "9"]
[EventCountry "URU"]
[SourceTitle "EXT 2017"]
[Source "ChessBase"]
[SourceDate "2016.10.25"]
[SourceVersion "1"]
[SourceVersionDate "2016.10.25"]
[SourceQuality "1"]

1. e4 c5 2. Nf3 d6 3. d4 cxd4 4. Nxd4 Nf6 5. Nc3 g6 6. Be3 Bg7 7. f3 0-0 8. Qd2 d5 9. e5 Nfd7 10. f4 e6 11. 0-0-0 Nc6 12. Kb1 a6 13. h4 Nxd4 14. Bxd4 b5 15. h5 Qc7 16. g4 Nc5 17. hxg6 fxg6 18. Qh2 Kf7 19. Qf2 b4 20. Bxc5 bxc3 21. Bxf8 Kxf8 22. b3 Qa5 23. Qe3 Bd7 24. Rd3 Rc8 25. Bg2 Bb5 26. Rdd1 Qb4 27. Rxh7 Kg8 28. Rh3 1-0

[Event "Pan American-ch U14 Girls 27th"]
[Site "Montevideo"]
[Date "2016.07.26"]
[Round "3"]
[White "Kao, Camille Y"]
[Black "Ravishankar, Ramitha S"]
[Result "1-0"]
[WhiteElo "1739"]
[BlackElo "1558"]
[PlyCount "99"]
[EventDate "2016.07.25"]
[EventType "swiss"]
[EventRounds "9"]
[EventCountry "URU"]
[SourceTitle "EXT 2017"]
[Source "ChessBase"]
[SourceDate "2016.10.25"]
[SourceVersion "1"]
[SourceVersionDate "2016.10.25"]
[SourceQuality "1"]

1. e4 e6 2. Nf3 d5 3. Nc3 Nf6 4. e5 Nfd7 5. d4 c5 6. dxc5 Nc6 7. Bf4 Bxc5 8. Bd3 f6 9. exf6 Nxf6 10. 0-0 0-0 11. Qe2 Qe7 12. h3 Bd7 13. Rae1 Rae8 14. Nb5 Rc8 15. Ne5 a6 16. Nc3 Rce8 17. a3 Ne4 18. Nxe4 dxe4 19. Qxe4 g6 20. Nxd7 Qxd7 21. Bc4 Nd8 22. Rd1 Qc6 23. Qxc6 Nxc6 24. Bd6 Bxd6 25. Rxd6 Rf6 26. Re1 Kf7 27. Bxa6 Nd4 28. Bxb7 e5 29. Rd7+ Re7 30. Rxe7+ Kxe7 31. Rxe5+ Kd6 32. Rd5+ Kc7 33. Rxd4 Kxb7 34. Rd7+ Ka6 35. Rxh7 Rc6 36. c3 Rb6 37. b4 Rc6 38. Rg7 Rxc3 39. Rxg6+ Kb5 40. Rg3 Rc1+ 41. Kh2 Ra1 42. h4 Rd1 43. h5 Rd5 44. Rh3 Rd7 45. g4 Rh7 46. g5 Rg7 47. h6 Rh7 48. g6 Rh8 49. g7 Rg8 50. h7 1-0

[Event "Wch U12 Girls"]
[Site "Durban"]
[Date "2014.09.26"]
[Round "8"]
[White "Ravishankar, Ramitha S"]
[Black "Fesselier, Chelsea"]
[Result "1-0"]
[WhiteElo "1568"]
[BlackElo "1666"]
[PlyCount "51"]
[EventDate "2014.09.20"]
[EventType "swiss"]
[EventRounds "11"]
[EventCountry "RSA"]
[SourceTitle "CBM 162 Extra"]
[Source "ChessBase"]
[SourceDate "2014.10.17"]
[SourceVersion "1"]
[SourceVersionDate "2014.10.17"]
[SourceQuality "1"]

1. e4 c5 2. Nc3 Nc6 3. f4 e6 4. Nf3 d6 5. Bb5 a6 6. Bxc6+ bxc6 7. 0-0 Nf6 8. d3 Be7 9. Qe1 d5 10. e5 Nd7 11. Qg3 g6 12. Kh1 Bf8 13. Bd2 Bg7 14. Rae1 Nb6 15. Nh4 f5 16. exf6 Bxf6 17. Nf3 0-0 18. Ng5 Bxg5 19. fxg5 Rxf1+ 20. Rxf1 Qe7 21. Bf4 Nd7 22. Bd6 Qg7 23. Qg4 e5 24. Qe6+ Kh8 25. Qe8+ Qg8 26. Bxe5+ 1-0

[Event "Wch U12 Girls"]
[Site "Durban"]
[Date "2014.09.21"]
[Round "3"]
[White "Schmidt, Nadia Esmeralda"]
[Black "Ravishankar, Ramitha S"]
[Result "0-1"]
[WhiteElo "1349"]
[BlackElo "1568"]
[PlyCount "108"]
[EventDate "2014.09.20"]
[EventType "swiss"]
[EventRounds "11"]
[EventCountry "RSA"]
[SourceTitle "CBM 162 Extra"]
[Source "ChessBase"]
[SourceDate "2014.10.17"]
[SourceVersion "1"]
[SourceVersionDate "2014.10.17"]
[SourceQuality "1"]

1. Nf3 d5 2. g3 Nf6 3. Bg2 e6 4. d3 c5 5. 0-0 Nc6 6. Nbd2 Be7 7. e4 b6 8. e5 Nd7 9. Re1 Bb7 10. c3 Qc7 11. Qe2 0-0-0 12. a4 g5 13. h3 h5 14. g4 Rdg8 15. Nf1 hxg4 16. hxg4 Nf8 17. Ng3 Ng6 18. Nh5 Nf4 19. Nxf4 gxf4 20. Bxf4 Rxg4 21. Bg3 Rgg8 22. Qe3 Qd8 23. Qf4 Qf8 24. d4 c4 25. Qe3 Na5 26. Qe2 Bc6 27. Nd2 Qe8 28. Qd1 Bh4 29. Bxh4 Rxh4 30. Nf1 Nb3 31. Ra2 Bxa4 32. Qe2 b5 33. f3 Qf8 34. Qf2 Qh6 35. Ng3 Nc1 36. Rxc1 Qxc1+ 37. Bf1 Qf4 38. Kg2 Qh6 39. Qg1 Rh3 40. Kf2 Qd2+ 41. Be2 Rhxg3 42. Qh1 Rg2+ 43. Qxg2 Rxg2+ 44. Kxg2 Qxe2+ 45. Kg3 Qe1+ 46. Kf4 Qb1 47. Ra3 Qxb2 48. Rxa4 bxa4 49. Kg5 a3 50. f4 a2 51. f5 a1Q 52. f6 Qg2+ 53. Kf4 Qaf1+ 54. Ke3 Qge2# 0-1